00874nam a2200229 450000500170000001000130001702000260003002000230005603500130007903700190009208200150011124500840012626000470021027000640025730000370032150000200035870000260037870000260040494200290043099900170045995201680047620111201114613.0 aB-444797 a9780195640854c295.00 a0195640853c295.00 aB-444797 bAllied Pub/Ven a306.095441 aBombay:cedited by Sujata Patel (and) Alice Thornerbmosaic of modern culture / aNew Delhi bOxford University Press c2007 aYMCA Library Building, Jai Singh Road, bNew Delhi e110001 axxxv, 235p. c24cm(pbk) bphotos aIncludes index  aPatel, Sujata 936378 aThorner, Alice936379 2ddccENmBOMh306.095441 c58874d58874 001040708NFICaLbLd2012-01-05eAllied/1045/13.09.11/78/14.3.11/12.10.2011g295.00l0o306.095441 BOMpB-444797r2012-01-05 00:00:00t1v295.00w2012-01-05yEN